Gastro-Intestinal Parasites In Cattle At Sotip Commune, Cherung Prey District, Kampong Cham Province, បរាសិតក្នុងក្រពះពោះវៀនគោ​ នៅឃុំសូទិព្វ ស្រុកជើងព្រៃ ខេត្តកំពង់ចាម (Record no. 25538)

000 -LEADER
fixed length control field 00591nam a22001217a 4500
040 ## - CATALOGING SOURCE
Transcribing agency RUA
082 ## - DEWEY DECIMAL CLASSIFICATION NUMBER
Classification number VEM CHA 2025 B705 Or.1
100 ## - MAIN ENTRY--AUTHOR NAME
Personal name CHAB VICHIT, ចាប វិចិត
245 ## - TITLE STATEMENT
Title Gastro-Intestinal Parasites In Cattle At Sotip Commune, Cherung Prey District, Kampong Cham Province, បរាសិតក្នុងក្រពះពោះវៀនគោ​ នៅឃុំសូទិព្វ ស្រុកជើងព្រៃ ខេត្តកំពង់ចាម
260 ## - PUBLICATION, DISTRIBUTION, ETC. (IMPRINT)
Place of publication PHNOM PENH
Name of publisher RUA
Year of publication 2025
300 ## - PHYSICAL DESCRIPTION
Number of Pages x,46p.
Other physical details ill.
Dimensions 29cm.
942 ## - ADDED ENTRY ELEMENTS (KOHA)
Koha item type សារណាបទ
952 ## - LOCATION AND ITEM INFORMATION (KOHA)
Withdrawn status [LOCAL, KOHA] 0
952 ## - LOCATION AND ITEM INFORMATION (KOHA)
Withdrawn status [LOCAL, KOHA] 0
Holdings
Permanent Location Date acquired Koha item type Lost status Shelving location Barcode Current Location Full call number
Library Block B2026-03-09សារណាបទ B705B712066Library Block BVEM CHA 2025 B705 Or.1
Library Block B2026-03-09សារណាបទ B705B712070Library Block BVEM CHA 2025 B705 Or.2
មជ្ឈមណ្ឌលឯការនៃសាកលវិទ្យាល័យភូមិន្ទកសិកម្មចំការដូង

Powered by Koha